000 01048nam a22001937a 4500
005 20140217155918.0
008 131108b2003 ck ||||| |||| 00| 0 spa d
041 _aspa
044 _ack
090 _a IAVH
_b01448
100 _aTavera-Sandra
_92376
245 _aProyecto Formulación de políticas para del acceso y aprovechamiento de los recursos genéticos en Colombia invertebrados terrestres y macroinvertebrados acuaticos
_bInforme final
260 _aBogota
_bInstituto de Investigación de Recursos Biológicos Alexander von Humboldt
_c2003
300 _a81 p.
520 _aElaboración del diagnostico sobre el estado del arte,capacidad científica y tecnica a nivel nacional en el área de investigación,uso (actual y potencial) y conservación en invertebrados terrestres,mediante el análisis e identificación de los diferentes grupos y áreas de la biologia que hacen uso de este tipo de recurso.
650 _aInvertebrados terrestres
_92377
650 _aMacroinvertebrados acuaticos
_zColombia
_96398
942 _2z
_cImpreso
999 _c7752
_d7752